| 000 | 01176nam0a22003011 4500 | ||
|---|---|---|---|
| 001 | RU\INFOCOMM_322\NLR\5000132384 | ||
| 005 | 20250613105453.0 | ||
| 035 | _a(NLR Aleph) 009526459 | ||
| 090 |
_a8860003 _c8860003 |
||
| 100 | _a20130109d1973 |||y0rusy50 ca | ||
| 101 | 1 |
_afre _crus |
|
| 102 |
_aRU _aFR |
||
| 105 | _ay z ||||| | ||
| 200 | 1 |
_aPour caractériser le romantisme économique _eSismondi et nos sismondistes nationaux _fV. Lénine |
|
| 210 |
_aM. _cProgrès _aParis _cÉd. sociales _d1973 |
||
| 215 |
_a216 с. _d17 см |
||
| 225 | 1 | _aClassiques du marxisme-léninisme | |
| 300 | _aЗагл. ориг.: К характеристике экономического романтизма | ||
| 454 | 0 |
_12001#$aК характеристике экономического романтизма _tК характеристике экономического романтизма |
|
| 620 | _aМосква | ||
| 686 |
_aА156 _2rubbk |
||
| 700 | 1 |
_9z02790 _aLenin _bV. I. _f1870-1924 _gVladimir Il'ič |
|
| 790 | 1 |
_9z02700 _aLénine _bV. _4070 |
|
| 801 | 1 |
_aRU _bInfocomm _c20130109 |
|
| 801 | 0 |
_aRU _bINFOCOMM _gPSBO |
|
| 852 |
_aNLR _jЛ 125-97/1-3 |
||
| 942 | _cBOOK | ||
| 980 | _aNB | ||